000 01018cam a22002651i 4500
003 SA-RiAUC
005 20260106135513.0
008 260101s1983 su g 00010cara c
040 _aSA-JeALM
_bara
_cSA-RiAUC
_erda
043 _aa-su---
082 0 4 _a928.1
_qSA-RiAUC
090 _a928.1
_bز ك ي
100 1 _aزكي، أحمد كمال،
_d1927-2008
_eمؤلف.
245 1 0 _aشعراء السعودية المعاصرون :
_bالتاريخ والواقع /
_cأحمد كمال زكي.
250 _aالطبعة الأولى.
264 1 _aالرياض :
_bدار العلوم،
_c1983
300 _a275 صفحة ؛
_c24 سم
336 _aنص
_btxt
_2rdacontent
_3كتاب
337 _aبدون وسيط
_bn
_2rdamedia
650 7 _aالشعراء السعوديون
_vتراجم
_2aucsh
650 7 _aالشعر العربي
_zالسعودية
_xتاريخ ونقد
_yقرون 14-15 هجري.
_2aucsh
942 _2ddc
_cBOOK
_n0
949 _aSA-JeALM
_d260101
_uosman123
_n1
999 _c13933
_d13933